000 00566nam a2200193Ii 4500
003 JO-AjNU
008 230606s9999||||xx |||||||||||||| ||und||
040 _aJO-AjNU
_beng
_erda
_cJO-AjNU
041 _aeng
050 1 4 _aQA331.C524.1996
100 3 _aBrown,james ward /Churvhill,Ruel,
_eauthor
_93729
245 0 0 _aComplex variables Applications
264 3 1 _aNew york:mcgraw -hill,1996
300 _a385p
336 _atext
_btxt
_2rdacontent
337 _aunmediated
_bn
_2rdamedia
338 _avolume
_bnc
_2rdacarrier
650 4 _a Computer science. 
_93730
999 _aE1947
_c1947
_d1947